000 00198 a2200097 4500
020 _a9780743470438
041 _aeng
100 _amedlicott,Joan
245 _aTwo days after the wedding
942 _cBK
999 _c11667
_d11667